Study in Malaysia handbook.
| Format: | Book |
|---|---|
| Published: |
Petaling Jaya, Selangor:
Challenger Concept,
2004.
|
| Edition: | 4th International ed. |
| Subjects: |
| LEADER | 00490cam a2200157 7i4500 | ||
|---|---|---|---|
| 001 | 0000014390 | ||
| 005 | 20040901090000.0 | ||
| 022 | 0 | 0 | |a 1511-4120 |
| 090 | 0 | 0 | |a M 370 |b STU |
| 245 | 0 | 0 | |a Study in Malaysia handbook. |
| 250 | 0 | 0 | |a 4th International ed. |
| 260 | 0 | 0 | |a Petaling Jaya, Selangor: |b Challenger Concept, |c 2004. |
| 300 | # | # | |a 1346 p. |
| 650 | 0 | 0 | |a Education -- |x Handbooks, manuals, etc. -- |z Malaysia |
| 651 | 0 | 0 | |a Malaysia |
| 999 | |a PNG000093H |b Directories |c Malaysia |e MATRADE Northern Regional Office | ||